000 02588ncm0a22004091 4500
001 RU\NLR\ONIZ\195906
005 20250614044323.0
035 _aRU\NLR\ONIZ\lanatalya\5000001341\20130405195906
035 _a(NLR Aleph) 010403729
071 2 0 _aс 4766 к
090 _a9719926
_c9719926
100 _a20130405g20 |||y0rusy50 ca
101 0 _aeng
_arus
102 _aRU
125 _azx
145 0 _ab
200 1 _aТанцы саламандр - духов огня
_bНоты
_dDances of salamanders - spirits of the fire
_eдля флейты соло
_zeng
_fЛ. Резетдинов
_gисполн. ред. Т. Резетдиновой
_gвступ. слово А. Вавилиной-Мравинской
210 _aСанкт-Петербург
_cКомпозитор - Санкт-Петербург
_d[20--]
215 _a12 с.
313 _aСистематизация документа проведена по изданию - Методика классифицирования музыкальных произведений (нотных изданий) по таблицам Библиотечно-библиографических классификаций : метод. рекомендации / Гос. б-ка СССР им. В.И. Ленина.- М., 1977. Индексу ББК методических рекомендаций присваивается код ББК для научных библиотек - LBC/SL
325 _aКопия доступна в Электрон. б-ке РНБ http://vivaldi.nlr.ru/bx000032133/view
700 1 _9z01790
_aРезетдинов
_bЛ. Ф.
_f1961-
_gЛеонид Фиатович
_4230
_7ca
702 1 _9z02790
_aРезетдинова
_bТ.
_f1986-
_gТатьяна
_4340
702 1 _aВавилина-Мравинская
_bА. М.
_f1928-
_gАлександра Михайловна
_4080
790 1 _9z01700
_aRezetdinov
_bL. F.
_f1961-
_gLeonid Fiatovich
_4230
790 1 _9z02702
_aRezetdinova
_bT.
_f1986-
_gTatyana
_4340
801 0 _aRU
_bNLR
_c20130405
_gPSBO
801 1 _aRU
_bNLR
_c20130405
_2rusmarc
801 2 _aRU
_bNLR
_c20151106
942 _cSCORE
980 _aNB
980 _aONIZ
981 2 4 _a(24) Нотные издания и аудиозаписи
981 1 3 _a(13) Документы, защищенные авторским правом
_b(13) Современная научная, научно-популярная и популярная литература